[Event "ESP-ch U12 rapid"]
[Site "Salobrena"]
[Date "2023.07.16"]
[Round "6"]
[White "Barreiro Rebolo, Luis"]
[Black "Najar Arrieta, Oriol"]
[Result "1/2-1/2"]
[WhiteElo "1289"]
[BlackElo "1760"]
[PlyCount "239"]
[EventDate "2023.07.15"]
[EventType "swiss (rapid)"]
[EventRounds "9"]
[EventCountry "ESP"]
[SourceTitle "EXT 2024"]
[Source "ChessBase"]
[SourceDate "2023.10.10"]
[SourceVersion "1"]
[SourceVersionDate "2023.10.10"]
[SourceQuality "1"]

1. e4 c5 2. Nf3 Nc6 3. d4 cxd4 4. Nxd4 g6 5. c4 Nf6 6. Nc3 d6 7. Be2 Nxd4 8. Qxd4 Bg7 9. Qd1 0-0 10. 0-0 Be6 11. f3 Rc8 12. Nd5 Bxd5 13. exd5 Nd7 14. Rb1 a5 15. Be3 Nc5 16. b4 axb4 17. Rxb4 Ra8 18. Bxc5 dxc5 19. Rxb7 Rxa2 20. Bd3 Qd6 21. Re1 Bf6 22. Re2 Ra1 23. Rb1 Rfa8 24. Rxa1 Rxa1 25. Bb1 Qf4 26. Re4 Qb8 27. Re1 Bc3 28. Rf1 Qf4 29. Qd3 Bd4+ 30. Kh1 Be5 31. g3 Qf6 32. Bc2 Ra2 33. f4 Bd4 34. f5 Qg5 35. fxg6 hxg6 36. Qb3 Rb2 37. Qd3 Kg7 38. Kg2 Qe5 39. Kh1 Qd6 40. Rb1 Rxb1+ 41. Bxb1 Qe5 42. Qe4 Qg5 43. Bd3 Qc1+ 44. Kg2 Qg1+ 45. Kh3 Bf6 46. Qg2 Qe3 47. Qe4 Qf2 48. Qg2 Qe3 49. Qe4 Qh6+ 50. Kg2 Qd2+ 51. Qe2 Qc3 52. Qc2 Qd4 53. Qe2 Qa1 54. Qf1 Qa2+ 55. Qe2 Qa7 56. Qf3 Qc7 57. Qf4 Be5 58. Qf3 Qd6 59. Qe2 Bf6 60. Qf3 Bd4 61. Qe2 Qf6 62. Qf3 Qe5 63. Qe4 Qd6 64. Qf3 Qb6 65. Qe4 Bf6 66. Qe2 Qd6 67. Qe4 Qa6 68. Qe2 Qa3 69. Qe4 Qc1 70. Qe2 Qg5 71. Qe4 Bd4 72. Qe2 Bf6 73. Qe4 Bd4 74. Qe2 Qf6 75. Qf3 Qd6 76. Qe2 Qd7 77. Qe4 Qa7 78. Qe2 Qb7 79. Qc2 Qa6 80. Qe2 Bf6 81. Qc2 Qa1 82. Qe2 Qc3 83. Qc2 Qd4 84. Qe2 Qa1 85. Qf1 Qb2+ 86. Qe2 Qb4 87. Qf1 Qb6 88. Qe2 Qd6 89. Qe4 Qb6 90. Qe2 Qb4 91. Qc2 Qb8 92. Qe2 Qe8 93. Qe4 Qd7 94. Qe2 Qa7 95. Qc2 Qa1 96. Qe2 Qc3 97. Qc2 Qe5 98. Qe2 Qd4 99. Qe4 Qc3 100. Qe2 Qd4 101. Qe4 Qa1 102. Qe2 Qa6 103. Qc2 e6 104. dxe6 Qxe6 105. Qe2 Qd6 106. Qe4 Qc7 107. Qe2 Bd4 108. Qf3 Qb6 109. Qe2 Qa6 110. Qc2 Qa1 111. Qb1 Qc3 112. Qd1 Qb2+ 113. Qe2 Qb4 114. Qf1 Qd2+ 115. Qe2 Qa5 116. Qf1 Qa2+ 117. Qe2 Qa1 118. Qf1 Qa8+ 119. Qf3 Qa1 120. Qf1 1/2-1/2

[Event "ESP-ch U12 rapid"]
[Site "Salobrena"]
[Date "2023.07.16"]
[Round "9"]
[White "Najar Arrieta, Oriol"]
[Black "Alfaro Aldunate, Amaya"]
[Result "1-0"]
[WhiteElo "1760"]
[BlackElo "1248"]
[PlyCount "41"]
[EventDate "2023.07.15"]
[EventType "swiss (rapid)"]
[EventRounds "9"]
[EventCountry "ESP"]
[SourceTitle "EXT 2024"]
[Source "ChessBase"]
[SourceDate "2023.10.10"]
[SourceVersion "1"]
[SourceVersionDate "2023.10.10"]
[SourceQuality "1"]

1. e4 c5 2. Nf3 g6 3. d4 Bg7 4. Be3 Nf6 5. e5 Nd5 6. c4 cxd4 7. Bxd4 Nb6 8. e6 0-0 9. exf7+ Rxf7 10. Bxg7 Rxg7 11. c5 Nc6 12. cxb6 Qxb6 13. Qd2 d6 14. Bc4+ Kh8 15. 0-0 Bg4 16. Ng5 Nd8 17. Nc3 Rc8 18. Bb3 h6 19. Nge4 Qc6 20. Qxh6+ Rh7 21. Qf8# 1-0

[Event "ESP-ch U12 rapid"]
[Site "Salobrena"]
[Date "2023.07.15"]
[Round "3"]
[White "Najar Arrieta, Oriol"]
[Black "Surov, Georgii"]
[Result "0-1"]
[WhiteElo "1760"]
[BlackElo "1416"]
[PlyCount "128"]
[EventDate "2023.07.15"]
[EventType "swiss (rapid)"]
[EventRounds "9"]
[EventCountry "ESP"]
[SourceTitle "EXT 2024"]
[Source "ChessBase"]
[SourceDate "2023.10.10"]
[SourceVersion "1"]
[SourceVersionDate "2023.10.10"]
[SourceQuality "1"]

1. e4 e6 2. d4 d5 3. Nc3 Nf6 4. Bg5 Be7 5. e5 Nfd7 6. h4 Bxg5 7. hxg5 Qxg5 8. Qd3 Qg6 9. Qxg6 fxg6 10. Nf3 a6 11. Ng5 Nf8 12. Bd3 h6 13. Ne2 Rg8 14. Nh7 Nxh7 15. Bxg6+ Ke7 16. Bxh7 Rh8 17. Bg6 Nc6 18. 0-0-0 Rf8 19. f4 Bd7 20. g4 Be8 21. Bxe8 Raxe8 22. Rdf1 Na5 23. b3 c5 24. c3 cxd4 25. cxd4 Nc6 26. Kd2 Nb4 27. a3 Nc6 28. Kd3 Na5 29. Nc1 g5 30. Rxh6 Rxf4 31. Rxf4 gxf4 32. Rh7+ Kd8 33. Rf7 Rg8 34. Rxf4 Ke7 35. b4 Nc4 36. Nb3 b6 37. Nd2 Nxa3 38. Ke3 Nc2+ 39. Kd3 Nxb4+ 40. Kc3 Nc6 41. Nb3 a5 42. Nd2 b5 43. Nf1 a4 44. Ne3 b4+ 45. Kb2 Rb8 46. Rf1 a3+ 47. Ka2 Nxd4 48. g5 Rg8 49. Rg1 Nf3 50. Rg4 Nxe5 51. Rxb4 Rxg5 52. Kxa3 Rg3 53. Rb3 d4 54. Nd1 Rxb3+ 55. Kxb3 Kd6 56. Kc2 Kd5 57. Kd2 Nf3+ 58. Kd3 e5 59. Nf2 e4+ 60. Ke2 Ne5 61. Nd1 d3+ 62. Ke3 Nc4+ 63. Kf2 Kd4 64. Ke1 e3 0-1

[Event "ESP-ch U12"]
[Site "Salobrena"]
[Date "2023.07.12"]
[Round "5"]
[White "Najar Arrieta, Oriol"]
[Black "Presas Gharbi, Rayan"]
[Result "1-0"]
[WhiteElo "1897"]
[BlackElo "1528"]
[PlyCount "107"]
[EventDate "2023.07.10"]
[EventType "swiss"]
[EventRounds "9"]
[EventCountry "ESP"]
[SourceTitle "EXT 2024"]
[Source "ChessBase"]
[SourceDate "2023.10.10"]
[SourceVersion "1"]
[SourceVersionDate "2023.10.10"]
[SourceQuality "1"]

1. e4 e6 2. d4 d5 3. Nc3 Nf6 4. e5 Nfd7 5. f4 c5 6. Nf3 Nc6 7. Be3 a6 8. Be2 b5 9. a3 Qb6 10. Qd2 Bb7 11. 0-0 cxd4 12. Nxd4 Bc5 13. Rad1 0-0 14. Bf3 Rac8 15. Nce2 Rfd8 16. b4 Nxd4 17. Nxd4 Bxd4 18. Bxd4 Qc7 19. c3 Nb6 20. Qd3 Nc4 21. Ra1 Qe7 22. Bg4 Rc6 23. Rf3 Qh4 24. Bh3 Bc8 25. f5 exf5 26. Bxf5 Bxf5 27. Qxf5 Qe7 28. Rh3 g6 29. Qf4 Rf8 30. Qh6 f5 31. exf6 Qf7 32. Re1 Rc7 33. Rf3 Re8 34. Ref1 Re4 35. Qg7+ Qxg7 36. fxg7 Rxd4 37. cxd4 Kxg7 38. Rc3 Rf7 39. Rff3 Rf6 40. Rcd3 Kf7 41. Rxf6+ Kxf6 42. Kf2 Kf5 43. Kf3 h5 44. h3 h4 45. Rc3 g5 46. Rc2 Nxa3 47. Ra2 Nc4 48. Rxa6 Nd2+ 49. Ke2 Nb3 50. Ke3 g4 51. Rd6 Nxd4 52. Kxd4 gxh3 53. gxh3 Kf4 54. Rg6 1-0

[Event "ESP-ch U12"]
[Site "Salobrena"]
[Date "2023.07.11"]
[Round "3"]
[White "Najar Arrieta, Oriol"]
[Black "Rivero Gil, Carlos"]
[Result "1/2-1/2"]
[WhiteElo "1897"]
[BlackElo "1361"]
[PlyCount "60"]
[EventDate "2023.07.10"]
[EventType "swiss"]
[EventRounds "9"]
[EventCountry "ESP"]
[SourceTitle "EXT 2024"]
[Source "ChessBase"]
[SourceDate "2023.10.10"]
[SourceVersion "1"]
[SourceVersionDate "2023.10.10"]
[SourceQuality "1"]

1. e4 e6 2. d4 d5 3. Nc3 Bb4 4. e5 c5 5. a3 Bxc3+ 6. bxc3 Ne7 7. Nf3 b6 8. Bb5+ Bd7 9. Bd3 c4 10. Be2 Ba4 11. 0-0 Nbc6 12. Be3 h6 13. Qd2 Qc7 14. h3 0-0-0 15. Nh2 Rdf8 16. f4 f5 17. Rf3 Rfg8 18. Rg3 g6 19. Nf3 Rg7 20. Nh4 Rhg8 21. Kh2 Nd8 22. Nf3 Nf7 23. h4 Nc6 24. Kg1 Qe7 25. Ra2 Kc7 26. Kf2 Kc8 27. Kg1 Kc7 28. Kf2 Kc8 29. Kg1 Kc7 30. Kf2 Kc8 1/2-1/2

[Event "Sabadell Otero Memorial"]
[Site "Sabadell"]
[Date "2023.05.26"]
[Round "7"]
[White "Bellpuig Mencos, Gerard"]
[Black "Najar Arrieta, Oriol"]
[Result "0-1"]
[WhiteElo "1770"]
[BlackElo "1837"]
[PlyCount "50"]
[EventDate "2023.04.14"]
[EventType "swiss"]
[EventRounds "8"]
[EventCountry "ESP"]
[SourceTitle "EXT 2024"]
[Source "ChessBase"]
[SourceDate "2023.10.10"]
[SourceVersion "1"]
[SourceVersionDate "2023.10.10"]
[SourceQuality "1"]

1. d4 Nf6 2. c4 g6 3. Nc3 Bg7 4. e4 d6 5. Be2 0-0 6. Bg5 Na6 7. Qd2 Qe8 8. f3 e5 9. d5 Nc5 10. b4 Na4 11. Nb5 Qe7 12. Qc2 Bd7 13. Qxa4 a6 14. Qc2 axb5 15. cxb5 h6 16. Be3 Nxd5 17. exd5 e4 18. Bxh6 Bxh6 19. fxe4 Qh4+ 20. Kd1 Ra3 21. Bc4 Qf6 22. Rb1 Qd4+ 23. Ke1 Rc3 24. Ne2 Rxc2 25. Nxd4 Rxc4 0-1

[Event "Sabadell Otero Memorial"]
[Site "Sabadell"]
[Date "2023.05.19"]
[Round "6"]
[White "Najar Arrieta, Oriol"]
[Black "Nicolas Vallellano, Emiliano"]
[Result "1-0"]
[WhiteElo "1837"]
[BlackElo "1694"]
[PlyCount "51"]
[EventDate "2023.04.14"]
[EventType "swiss"]
[EventRounds "8"]
[EventCountry "ESP"]
[SourceTitle "EXT 2024"]
[Source "ChessBase"]
[SourceDate "2023.10.10"]
[SourceVersion "1"]
[SourceVersionDate "2023.10.10"]
[SourceQuality "1"]

1. e4 d5 2. exd5 Qxd5 3. Nc3 Qa5 4. d4 Nf6 5. Nf3 Bg4 6. Bc4 e6 7. Bd2 c6 8. h3 Bf5 9. Nd5 Qd8 10. Nxf6+ Qxf6 11. Qe2 h6 12. 0-0-0 Qd8 13. g4 Bg6 14. Ne5 Qf6 15. f4 Bh7 16. f5 Bd6 17. fxe6 0-0 18. Rhf1 Qe7 19. Rxf7 Rxf7 20. exf7+ Kf8 21. g5 Bxe5 22. dxe5 g6 23. gxh6 Nd7 24. e6 b5 25. exd7 bxc4 26. Bb4 1-0

[Event "EU-ch U12 30th"]
[Site "Antalya"]
[Date "2022.11.07"]
[Round "2"]
[White "Najar Arrieta, Oriol"]
[Black "Mompel Ferruz, Xavier"]
[Result "0-1"]
[WhiteElo "1763"]
[BlackElo "1964"]
[PlyCount "104"]
[EventDate "2022.11.06"]
[EventType "swiss"]
[EventRounds "9"]
[EventCountry "TUR"]
[SourceTitle "CBM 211 Extra"]
[Source "ChessBase"]
[SourceDate "2023.01.31"]
[SourceVersion "1"]
[SourceVersionDate "2023.01.31"]
[SourceQuality "1"]

1. e4 c5 2. Nf3 e6 3. d4 cxd4 4. Nxd4 Nc6 5. Nb5 d6 6. c4 Nf6 7. N1c3 a6 8. Nd4 Be7 9. Be2 Bd7 10. 0-0 Rc8 11. Be3 Na5 12. Rc1 Nxc4 13. Bxc4 Rxc4 14. Qb3 Qc8 15. Na4 Rxc1 16. Rxc1 Qb8 17. Nc6 Bxc6 18. Rxc6 Nd7 19. Rc1 0-0 20. Bb6 Rc8 21. Qe3 Rxc1+ 22. Qxc1 Nxb6 23. Nxb6 Bd8 24. Na4 Qc7 25. Qxc7 Bxc7 26. Kf1 Kf8 27. Ke2 Ke7 28. Kd3 Ba5 29. b3 Kd7 30. Nb2 b5 31. f3 Bb4 32. Kd4 Kc6 33. e5 dxe5+ 34. Ke4 f5+ 35. Ke3 Kd5 36. Kd3 Bc5 37. Nd1 Bd4 38. h3 Kc5 39. g4 g5 40. gxf5 exf5 41. a3 Kd5 42. b4 e4+ 43. fxe4+ fxe4+ 44. Kd2 Kc4 45. Ne3+ Bxe3+ 46. Kxe3 Kd5 47. Ke2 Kd4 48. Kd2 e3+ 49. Ke2 Ke4 50. Ke1 Kf3 51. Kf1 h5 52. Ke1 e2 0-1

[Event "ESP-ch U12 Rapid"]
[Site "Salobrena"]
[Date "2022.07.16"]
[Round "3"]
[White "Najar Arrieta, Oriol"]
[Black "Melgar Morraja, Mateo"]
[Result "1/2-1/2"]
[WhiteElo "1459"]
[BlackElo "1208"]
[PlyCount "39"]
[EventDate "2022.07.09"]
[EventType "swiss (rapid)"]
[EventRounds "9"]
[EventCountry "ESP"]
[SourceTitle "EXT 2023"]
[Source "ChessBase"]
[SourceDate "2022.10.05"]
[SourceVersion "1"]
[SourceVersionDate "2022.10.05"]
[SourceQuality "1"]

1. e4 e6 2. d4 d5 3. Nc3 dxe4 4. Nxe4 Bd7 5. Nf3 Bc6 6. Bd3 Nd7 7. 0-0 Ngf6 8. Bg5 Be7 9. Nxf6+ Nxf6 10. c3 h6 11. Bxf6 Bxf6 12. Re1 0-0 13. Bc2 b6 14. Qd3 g6 15. Ne5 Bxe5 16. Rxe5 Qf6 17. Rae1 Rad8 18. Qa6 Qe7 19. R5e3 Rd5 20. Qd3 1/2-1/2

[Event "ESP-ch U12"]
[Site "Salobrena"]
[Date "2022.07.11"]
[Round "2"]
[White "Marsal Calvet, Josep"]
[Black "Najar Arrieta, Oriol"]
[Result "0-1"]
[WhiteElo "1383"]
[BlackElo "1698"]
[PlyCount "142"]
[EventDate "2022.07.04"]
[EventType "swiss"]
[EventRounds "9"]
[EventCountry "ESP"]
[SourceTitle "EXT 2023"]
[Source "ChessBase"]
[SourceDate "2022.10.05"]
[SourceVersion "1"]
[SourceVersionDate "2022.10.05"]
[SourceQuality "1"]

1. d4 f5 2. Bg5 g6 3. Nd2 Bg7 4. e4 fxe4 5. Nxe4 Nf6 6. Bxf6 exf6 7. Be2 0-0 8. Nf3 Re8 9. Ng3 d5 10. 0-0 Bg4 11. h3 Bxf3 12. Bxf3 c6 13. c3 Nd7 14. Re1 Rxe1+ 15. Qxe1 Qe8 16. Qxe8+ Rxe8 17. Kf1 Kf7 18. Re1 Rxe1+ 19. Kxe1 f5 20. Kd2 Nf8 21. Ne2 Ke7 22. Nc1 Bh6+ 23. Kc2 Bxc1 24. Kxc1 Ne6 25. g3 Ng5 26. Bg2 Kf6 27. Kd2 Ne6 28. Ke3 g5 29. f4 gxf4+ 30. gxf4 h5 31. h4 Nd8 32. Bf3 Kg6 33. Bd1 b5 34. b4 Nf7 35. Be2 Nd6 36. Bd3 Ne4 37. Bxe4 fxe4 38. Kf2 Kf6 39. Kg2 Ke6 40. Kf2 Kf5 41. Kg3 e3 42. Kf3 e2 43. Kxe2 Kxf4 44. Kf2 Kg4 45. Kg2 Kxh4 46. Kf3 Kg5 47. Kg3 h4+ 48. Kh3 Kh5 49. Kh2 Kg4 50. Kg2 h3+ 51. Kh2 Kh4 52. Kh1 Kg3 53. Kg1 Kf3 54. Kh2 Ke3 55. Kxh3 Kd3 56. Kg3 Kxc3 57. Kf3 Kxd4 58. Kf4 Kc3 59. Ke3 d4+ 60. Ke2 Kc2 61. Ke1 d3 62. a3 d2+ 63. Kf2 d1Q 64. a4 bxa4 65. Ke3 a3 66. Ke4 a2 67. Ke3 a1Q 68. Ke4 Qe2+ 69. Kf5 Qaf1+ 70. Kg6 Qeg2+ 71. Kh5 Qfh1# 0-1

[Event "ESP-ch U12"]
[Site "Salobrena"]
[Date "2022.07.11"]
[Round "1"]
[White "Najar Arrieta, Oriol"]
[Black "Reina Sorribas, Naila"]
[Result "1-0"]
[WhiteElo "1698"]
[BlackElo "1227"]
[PlyCount "64"]
[EventDate "2022.07.04"]
[EventType "swiss"]
[EventRounds "9"]
[EventCountry "ESP"]
[SourceTitle "EXT 2023"]
[Source "ChessBase"]
[SourceDate "2022.10.05"]
[SourceVersion "1"]
[SourceVersionDate "2022.10.05"]
[SourceQuality "1"]

1. e4 c5 2. Nf3 d6 3. d4 cxd4 4. Nxd4 Nf6 5. Nc3 g6 6. Be3 Bg7 7. f3 0-0 8. Qd2 Nbd7 9. 0-0-0 Nb6 10. Nb3 Be6 11. g4 Nc4 12. Bxc4 Bxc4 13. h4 Bxb3 14. axb3 Qa5 15. Kb1 Rac8 16. Nd5 Qxd2 17. Nxe7+ Kh8 18. Rxd2 Rce8 19. Nd5 Nxd5 20. Rxd5 f5 21. gxf5 gxf5 22. Bxa7 fxe4 23. fxe4 Rxe4 24. Rxd6 Ra8 25. Bb6 Ree8 26. Rhd1 h6 27. Rd8 Kh7 28. Rxa8 Rxa8 29. Rd7 Kg6 30. Rxb7 Rf8 31. h5+ Kf6 32. Bd4+ Ke6 1-0

[Event "ESP-ch U10"]
[Site "Salobrena"]
[Date "2021.07.02"]
[Round "8"]
[White "Blanco Garcia Bajo, David"]
[Black "Najar Arrieta, Oriol"]
[Result "0-1"]
[WhiteElo "1126"]
[BlackElo "1314"]
[PlyCount "108"]
[EventDate "2021.06.28"]
[EventType "swiss"]
[EventRounds "9"]
[EventCountry "ESP"]
[SourceTitle "EXT 2022"]
[Source "ChessBase"]
[SourceDate "2021.10.06"]
[SourceVersion "1"]
[SourceVersionDate "2021.10.06"]
[SourceQuality "1"]

1. e4 c5 2. Nc3 Nc6 3. f4 g6 4. Nf3 Bg7 5. Bb5 e6 6. Bxc6 bxc6 7. d3 Ne7 8. 0-0 0-0 9. Qe1 d5 10. e5 h5 11. b3 Nf5 12. Ba3 Re8 13. Bxc5 Bf8 14. Bxf8 Rxf8 15. d4 Rb8 16. Na4 Kg7 17. h3 Ba6 18. Rf2 Ng3 19. Nc5 Bc8 20. h4 Nf5 21. Rd2 Qb6 22. c3 Qa5 23. Rb2 Qb6 24. Kf2 Rd8 25. Qe2 a5 26. b4 Qa7 27. b5 cxb5 28. Rxb5 Bd7 29. Rb3 a4 30. Rb4 Be8 31. Qa6 Qxa6 32. Nxa6 Rbc8 33. Nc5 Ra8 34. a3 Rdc8 35. Rab1 Bc6 36. g3 Be8 37. Ng5 Bc6 38. Rb6 Kg8 39. R1b4 Kg7 40. Nf3 Kg8 41. Nh2 Kg7 42. Nf1 Kg8 43. Ke2 Kf8 44. Kf3 Kg8 45. g4 hxg4+ 46. Kxg4 Kf8 47. Kg5 Kg7 48. Rb1 Kg8 49. Nd2 Kg7 50. Nf3 Ne3 51. Nd2 Nf5 52. R6b4 Ne3 53. Nb7 Rh8 54. Nd6 Rh5# 0-1

[Event "ESP-ch U10"]
[Site "Salobrena"]
[Date "2021.06.30"]
[Round "4"]
[White "Argudin Fernandez, Adrian"]
[Black "Najar Arrieta, Oriol"]
[Result "0-1"]
[WhiteElo "1021"]
[BlackElo "1314"]
[PlyCount "82"]
[EventDate "2021.06.28"]
[EventType "swiss"]
[EventRounds "9"]
[EventCountry "ESP"]
[SourceTitle "EXT 2022"]
[Source "ChessBase"]
[SourceDate "2021.10.06"]
[SourceVersion "1"]
[SourceVersionDate "2021.10.06"]
[SourceQuality "1"]

1. e4 c5 2. Nf3 Nc6 3. Bc4 g6 4. 0-0 Bg7 5. Nc3 d6 6. d3 Nf6 7. Be3 0-0 8. h3 b6 9. Qd2 Bb7 10. Ne2 e6 11. Bb3 d5 12. Ng3 Na5 13. c3 dxe4 14. dxe4 Nxe4 15. Qxd8 Rfxd8 16. Nxe4 Nxb3 17. axb3 Bxe4 18. Ng5 Bd5 19. Ra3 Bf8 20. c4 Bc6 21. Rfa1 Rd7 22. Nf3 Bg7 23. R1a2 a5 24. Kh2 h6 25. Kg3 Rad8 26. h4 Be4 27. Ra4 Bc2 28. Bxc5 bxc5 29. Rxa5 Bxb3 30. R2a3 Bxc4 31. Rxc5 Bxb2 32. Re3 Bd5 33. Ne5 Bxe5+ 34. Rxe5 Ba8 35. Kh2 Rd5 36. Rexd5 exd5 37. Rc2 d4 38. Rd2 Be4 39. f3 Bb1 40. Kg3 d3 41. Kg4 Re8 0-1

[Event "ESP-ch U10"]
[Site "Salobrena"]
[Date "2021.06.30"]
[Round "5"]
[White "Najar Arrieta, Oriol"]
[Black "Jurca Szabo, Gerard"]
[Result "1-0"]
[WhiteElo "1314"]
[BlackElo "1219"]
[PlyCount "129"]
[EventDate "2021.06.28"]
[EventType "swiss"]
[EventRounds "9"]
[EventCountry "ESP"]
[SourceTitle "EXT 2022"]
[Source "ChessBase"]
[SourceDate "2021.10.06"]
[SourceVersion "1"]
[SourceVersionDate "2021.10.06"]
[SourceQuality "1"]

1. Nf3 Nf6 2. g3 d6 3. Bg2 Nbd7 4. 0-0 g6 5. d3 Bg7 6. c4 0-0 7. Nc3 Re8 8. Rb1 a5 9. a3 e5 10. Nd2 h6 11. b4 axb4 12. axb4 Nh7 13. Bb2 f5 14. Ra1 Rxa1 15. Qxa1 g5 16. Qa7 b6 17. Nb5 Ndf6 18. Qxc7 Qxc7 19. Nxc7 Re7 20. Nd5 Nxd5 21. Bxd5+ Kf8 22. Ra1 Bb7 23. Bxb7 Rxb7 24. Nb3 g4 25. d4 e4 26. Kg2 Rc7 27. Rc1 Ke7 28. Ba1 Nf8 29. c5 bxc5 30. dxc5 Bxa1 31. cxd6+ Kxd6 32. Rxc7 Kxc7 33. Nxa1 Kc6 34. Nc2 Kd5 35. f3 exf3+ 36. exf3 h5 37. Kf2 Ne6 38. Ne3+ Ke5 39. f4+ Kf6 40. b5 Nc5 41. b6 Nb7 42. Nc4 Ke6 43. Ke2 Kd5 44. Ne3+ Ke6 45. Kd3 Kf6 46. Kc4 Ke6 47. Kd4 Na5 48. Kc5 Nb7+ 49. Kc6 Na5+ 50. Kc7 Kf6 51. b7 Nxb7 52. Kxb7 Ke6 53. Kc6 Kf6 54. Kd6 Kg6 55. Ke6 Kh6 56. Nxf5+ Kg6 57. Nh4+ Kh6 58. Ke7 Kg7 59. f5 Kg8 60. f6 Kh8 61. Ng6+ Kh7 62. f7 h4 63. f8Q h3 64. Qf6 Kg8 65. Qh8# 1-0

[Event "ESP-ch U10"]
[Site "Salobrena"]
[Date "2020.07.22"]
[Round "4"]
[White "Najar Arrieta, Oriol"]
[Black "Rey Martinez, Jaime"]
[Result "0-1"]
[WhiteElo "1246"]
[BlackElo "1808"]
[PlyCount "90"]
[EventDate "2020.07.20"]
[EventType "swiss"]
[EventRounds "9"]
[EventCountry "ESP"]
[SourceTitle "EXT 2021"]
[Source "ChessBase"]
[SourceDate "2020.10.23"]
[SourceVersion "1"]
[SourceVersionDate "2020.10.23"]
[SourceQuality "1"]

1. e4 e5 2. Nf3 Nc6 3. Bc4 Bc5 4. 0-0 Nf6 5. d4 Bxd4 6. Nxd4 Nxd4 7. f4 d6 8. fxe5 dxe5 9. Bg5 Qe7 10. Nc3 Qc5 11. Qd3 Nf3+ 12. Kh1 Nxg5 13. Rad1 0-0 14. Qg3 Ngxe4 15. Nxe4 Nxe4 16. Bxf7+ Kh8 17. Qh4 Bg4 18. Bg6 h6 19. Qxg4 Rxf1+ 20. Rxf1 Nf2+ 21. Rxf2 Qxf2 22. Qd1 e4 23. h3 e3 24. Bh5 Rf8 25. Be2 Qf6 26. Qc1 Qd4 27. Bd3 Rf2 28. Qd1 e2 29. Bxe2 Qxd1+ 30. Bxd1 Rf1+ 31. Kh2 Rxd1 32. g4 Rd2+ 33. Kg3 Rxc2 34. h4 Rxb2 35. h5 c5 36. g5 c4 37. a4 c3 38. gxh6 c2 39. Kg4 c1Q 40. Kf5 Rf2+ 41. Ke6 Qe3+ 42. Kd5 Rd2+ 43. Kc4 Qd4+ 44. Kb5 Rb2+ 45. Ka5 Qb6# 0-1